Widok standardowy
Widok MARC
Pozycja Personal Name
Liczba rekordów, w których użyto hasła: 1
001 - Numer kontrolny
- control field: 40844
003 - Identyfikator numeru kontrolnego
- control field: NUKAT
005 - Data i czas ostatniej modyfikacji
- control field: 20260429110939.0
008 - Dane kontrolne kodowane (40 znaków)
- fixed length control field: 951106n||a|znnaabn |a aaa |c
010 ## - Numer kontrolny Biblioteki Kongresu
- numer kontrolny LC: n 95019512
040 ## - Instytucja sporządzająca rekord
- inst. przygot. dane do rek. khw: WA U/MS
- język haseł przedmiotowych/tezaurus: kaba
- inst. wprow. rek. khw: WA U/MS
- inst. modyf. rek. khw: WR U/kw
- inst. modyf. rek. khw: TOR U/MM
- inst. modyf. rek. khw: WA M/ES
- inst. modyf. rek. khw: TOR U/JSzs
100 1# - Hasło - nazwa osobowa
- nazwa osobowa w formie ujednoliconej: Supruniuk, Mirosław Adam
- daty biograficzne: (1962- ).
400 1# - Trop zob. - nazwa osobowa
- nazwa osobowa (nazwisko, imiona): Supruniuk, Mirosław A.
400 1# - Trop zob. - nazwa osobowa
- nazwa osobowa (nazwisko, imiona): Supruniuk, Mirosław.
400 1# - Trop zob. - nazwa osobowa
- nazwa osobowa (nazwisko, imiona): Supruniuk, M. A.
670 ## - Źródło informacji
- źródło informacji: PB'92
670 ## - Źródło informacji
- źródło informacji: Kalem.'95
670 ## - Źródło informacji
- źródło informacji: KbK
- gdzie znaleziono informację: (Supruniuk Mirosław)
670 ## - Źródło informacji
- źródło informacji: BUW
670 ## - Źródło informacji
- źródło informacji: Kultura : materiały do dziejów Instytutu Literackiego w Paryżu / Mirosław Adam Supruniuk. - Toruń, 1994.
670 ## - Źródło informacji
- źródło informacji: Kp. Przyjaciele i znajomi / Stefania Kossowska. - Toruń, 1998.
- gdzie znaleziono informację: Nota wydaw. s. 128
670 ## - Źródło informacji
- źródło informacji: Kp. Mała Galeria Sztuki Emigracyjnej / [oprac. M. A. Supruniuk, J. Krasnodębska]. - Toruń, 2003.